[Event "SportAccord Blitz"]
[Site "?"]
[Date "2014.12.13"]
[Round "?"]
[White "Wang, Yue"]
[Black "Nepomniachtchi, Ian"]
[WhiteElo "2720"]
[BlackElo "2714"]
[Result "1/2-1/2"]

1. c4 Nf6 2. Nc3 c5 3. Nf3 d5 4. cxd5 Nxd5 5. g3 Nc6 6. Bg2 Nc7 7. a3 g6 8. O-O Bg7 9. d3 Bd7 10. Be3 Ne6 11. Rc1 Rc8 12. Qd2 O-O 13. Bh6 b6 14. Bxg7 Kxg7 15. b4 f6 16. Qb2 Be8 17. Ne4 cxb4 18. axb4 Bf7 19. b5 Ncd4 20. Rxc8 Nxf3+ 21. Bxf3 Qxc8 22. Rc1 Qd7 23. e3 Rc8 24. Rxc8 Qxc8 25. d4 Nc7 26. Nc3 Qf5 27. Bc6 Qd3 28. h4 Bc4 29. Kh2 Qf5 30. Kg2 Qd3 31. Kh2 Qf5 32. Kg2 Qd3 33. Kh2 Qf5 34. e4 Qf3 35. e5 Nd5 36. Nxd5 Bxd5 37. Bxd5 Qxd5 38. Qa3 Kf7 39. exf6 Kxf6 40. Qb2 h5 41. Kg1 Kf7 42. Qb4 Ke8 43. Qa4 Kf7 44. Qb4 Ke6 45. Qa4 Kf6 46. Qb4 Qe4 47. Qa4 Qe1+ 48. Kg2 Qe4+ 49. Kg1 Qd5 50. Qb4 Kf7 51. Qa4 Kg7 52. Qb4 Kf6 53. Qa4 Qe4 54. Qxa7 Qxd4 55. Qb7 Qc5 56. Qd7 Qd6 57. Qb7 e6 58. Qf3+ Ke7 59. Qb7+ Kf6 60. Qf3+ Kg7 61. Qb7+ Kf6 62. Qf3+ 

1/2-1/2

[Event "SportAccord Blitz"]
[Site "?"]
[Date "2014.12.13"]
[Round "?"]
[White "Harikrishna, P"]
[Black "Wang, Yue"]
[WhiteElo "2727"]
[BlackElo "2720"]
[Result "1-0"]

1. e4 c5 2. Nf3 e6 3. g3 Nc6 4. Bg2 Nf6 5. d3 Be7 6. O-O O-O 7. Nc3 d5 8. Bd2 b6 9. Re1 d4 10. Nb5 e5 11. a4 a6 12. Na3 Rb8 13. Nc4 Nd7 14. Bh3 Qc7 15. c3 b5 16. Na3 c4 17. axb5 axb5 18. dxc4 Bxa3 19. Rxa3 bxc4 20. cxd4 Rxb2 21. Qc1 Rb7 22. Qxc4 Nb6 23. Qf1 Bxh3 24. Qxh3 Nc4 25. Rd3 Nxd2 26. Rxd2 exd4 27. Rc1 Qb6 28. Qf5 h6 29. Qd5 Rc7 30. Qc5 Qb7 31. Kg2 Rfc8 32. Rdc2 d3 33. Rc3 d2 34. Nxd2 Qb2 35. R3c2 Qb7 36. Qd5 Qb6 37. Nc4 Qb4 38. Nd6 Ne7 39. Qxf7+ 

1-0

[Event "SportAccord Blitz"]
[Site "?"]
[Date "2014.12.13"]
[Round "?"]
[White "Wang, Yue"]
[Black "Vachier-Lagrave, Maxime"]
[WhiteElo "2720"]
[BlackElo "2758"]
[Result "0-1"]

1. Nf3 Nf6 2. g3 g6 3. Bg2 Bg7 4. O-O O-O 5. c4 d6 6. Nc3 Nc6 7. d4 a6 8. d5 Na5 9. b3 b5 10. cxb5 axb5 11. b4 Nc4 12. Nd4 Bd7 13. Ncxb5 Qb8 14. a4 Qb7 15. Rb1 Nb6 16. Nc6 Nxa4 17. Qd3 Rfe8 18. Nbd4 Nb6 19. e4 Ng4 20. Bf4 Ra2 21. h3 Ne5 22. Bxe5 dxe5 23. Nb3 Bxc6 24. Na5 Qa8 25. Nxc6 e6 26. b5 exd5 27. exd5 Ra3 28. Qd1 e4 29. d6 cxd6 30. Qxd6 Nc4 31. Qc5 Nd2 32. b6 Rc3 33. Qxc3 Bxc3 34. b7 Qa4 35. b8=Q Rxb8 36. Rxb8+ Kg7 37. Ne7 Nxf1 38. Bxf1 Bd4 39. Rg8+ Kh6 40. Nd5 Qa2 41. Ne3 Bxe3 42. fxe3 Qd2 

0-1

[Event "SportAccord Blitz"]
[Site "?"]
[Date "2014.12.13"]
[Round "?"]
[White "Wojtaszek, Radoslaw"]
[Black "Wang, Yue"]
[WhiteElo "2744"]
[BlackElo "2720"]
[Result "1/2-1/2"]

1. d4 Nf6 2. c4 e6 3. Nf3 d5 4. Nc3 c5 5. cxd5 Nxd5 6. e4 Nxc3 7. bxc3 cxd4 8. cxd4 Bb4+ 9. Bd2 Bxd2+ 10. Qxd2 O-O 11. Bc4 Nd7 12. O-O b6 13. a4 Bb7 14. Rfe1 Rc8 15. Bd3 Qc7 16. a5 Rfd8 17. Ra3 Qd6 18. Qb2 Rc7 19. h3 h6 20. axb6 axb6 21. Rc1 Rxc1+ 22. Qxc1 Rc8 23. Rc3 Rxc3 24. Qxc3 Qc6 25. Qxc6 Bxc6 26. Kf1 Kf8 27. Ke1 Ke7 28. Kd1 f5 29. d5 Ba4+ 30. Kd2 fxe4 31. Bxe4 Nf6 32. Bb1 Nxd5 33. g3 Kd6 34. Kd3 e5 35. Nd2 Bb5+ 36. Kc2 Kc5 37. Kb3 Be2 38. Ne4+ Kd4 39. Nd6 b5 40. Nf5+ Kc5 41. Nxg7 Bc4+ 42. Kb2 Nb6 43. Nf5 b4 44. Nxh6 Na4+ 45. Kc1 b3 46. Nf5 Kb4 47. Ne3 b2+ 48. Kd2 Bb3 49. Nc2+ Kc5 50. h4 Kc4 51. Na3+ Kb4 52. Nc2+ Kc4 53. Na3+ Kb4 54. Nc2+ Kc4 

1/2-1/2

[Event "SportAccord Blitz"]
[Site "?"]
[Date "2014.12.13"]
[Round "?"]
[White "Aronian, Levon"]
[Black "Wang, Yue"]
[WhiteElo "2797"]
[BlackElo "2720"]
[Result "1/2-1/2"]

1. Nf3 Nf6 2. c4 e6 3. g3 d5 4. Bg2 c5 5. cxd5 exd5 6. d4 Nc6 7. O-O Be7 8. dxc5 Bxc5 9. Bg5 O-O 10. Nc3 d4 11. Ne4 Be7 12. Bxf6 Bxf6 13. Nxf6+ Qxf6 14. b4 Rd8 15. b5 Ne5 16. Rc1 Bg4 17. Nxd4 Rxd4 18. Qxd4 Nf3+ 19. exf3 Qxd4 20. fxg4 Qb6 21. Rfd1 Qxb5 22. Rc7 Qa5 23. Rxb7 Qxa2 24. Bd5 Qe2 25. Rc1 Kh8 26. Rxf7 Qd2 27. Bxa8 Qxc1+ 28. Kg2 Qc8 29. Rxa7 g6 30. Bf3 Qc5 31. Ra4 Kg7 32. h4 h6 33. Ra6 g5 34. h5 Qd4 35. Re6 Qb4 36. Be4 Qd4 37. Rg6+ Kf7 38. Bf3 Qh8 39. Bd5+ Ke7 40. Re6+ Kd7 41. Re4 Kd6 42. Be6 Qa8 43. Bf5 Qd5 44. Kh2 Qd2 45. Re6+ Kd5 46. Kg2 Kc5 47. Be4 Qd4 48. Rc6+ Kb5 49. Bf3 Qh8 50. Rc2 Qh7 51. Rc3 Qg7 52. Rc1 Qf6 53. Rc6 Qh8 54. Be4 Qe8 55. Bf3 Qf8 56. Rc2 Qf6 57. Bc6+ Kb4 58. Be4 Qe5 59. f3 Kb3 60. Bf5 Kb4 61. Rf2 Kc5 62. f4 Qe7 63. Bg6 Kd4 64. Bf5 Qb7+ 65. Kg1 Ke3 66. fxg5 hxg5 67. h6 Qc7 68. Rg2 Qc1+ 69. Kh2 Kf3 70. h7 Qa1 71. Rc2 Qf6 72. Rd2 Qh6+ 73. Kg1 Qb6+ 74. Kh1 Qf6 75. Rg2 Qh6+ 76. Rh2 Qa6 77. Rd2 Qh6+ 78. Rh2 Qa6 79. Rd2 Qh6+ 80. Rh2 Qa6 81. Rd2 

1/2-1/2

[Event "SportAccord Blitz"]
[Site "?"]
[Date "2014.12.13"]
[Round "?"]
[White "Grischuk, Alexander"]
[Black "Wang, Yue"]
[WhiteElo "2810"]
[BlackElo "2720"]
[Result "1-0"]

1. d4 Nf6 2. Bf4 g6 3. Nc3 Bg7 4. e4 O-O 5. Qd2 d5 6. e5 Ne4 7. Nxe4 dxe4 8. O-O-O c5 9. d5 Nd7 10. f3 Nxe5 11. fxe4 Qb6 12. c3 Qa5 13. Kb1 b5 14. Nf3 Nxf3 15. gxf3 c4 16. h4 h5 17. Bh6 Qb6 18. Bxg7 Kxg7 19. Be2 Rb8 20. f4 Bd7 21. f5 b4 22. Rhg1 Qf6 23. cxb4 a5 24. fxg6 fxg6 25. Bxh5 c3 26. Qxc3 Qxc3 27. bxc3 Rf6 28. a3 axb4 29. axb4 Rc8 30. Rc1 Rc4 31. Bg4 Be8 32. Rge1 Rf4 33. Be6 Rxh4 34. Kb2 Rc7 35. c4 Ra7 36. Rc2 Ba4 37. Rd2 Rh3 38. Bxh3 

1-0

[Event "SportAccord Blitz"]
[Site "?"]
[Date "2014.12.13"]
[Round "?"]
[White "Wang, Yue"]
[Black "Dominguez Perez, Leinier"]
[WhiteElo "2720"]
[BlackElo "2726"]
[Result "1-0"]

1. Nf3 c5 2. g3 Nc6 3. Bg2 g6 4. O-O Bg7 5. c3 e5 6. e4 Nge7 7. d3 O-O 8. a3 a5 9. a4 d6 10. Na3 h6 11. Nd2 f5 12. Ndc4 Be6 13. Nb5 Nc8 14. exf5 gxf5 15. f4 e4 16. Ne3 d5 17. dxe4 dxe4 18. Qxd8 Nxd8 19. Nc7 Rb8 20. Nxe6 Nxe6 21. Rd1 Ne7 22. Bf1 Rfd8 23. Bc4 Kf7 24. Bd2 Kf6 25. Be1 h5 26. Kf1 Bh6 27. Rxd8 Rxd8 28. Ra3 b6 29. Rb3 Rd6 30. Ke2 Nc7 31. Kf1 Ne6 32. Be2 Nc8 33. Bxh5 Rd3 34. Kf2 Nxf4 35. gxf4 Bxf4 36. Nc4 Rh3 37. Be8 Rxh2+ 38. Kg1 Rc2 39. Bd7 Ne7 40. Bh4+ Kf7 41. Bxe7 Kxe7 42. Bxf5 Rc1+ 43. Kf2 Rc2+ 44. Kf1 Rc1+ 45. Kg2 Rc2+ 46. Kh3 e3 47. Rxb6 Rh2+ 48. Kg4 Bc7 49. Re6+ Kf7 50. Rxe3 Rg2+ 51. Kf3 Rh2 52. Ke4 Kf6 53. Rf3 

1-0

[Event "SportAccord Blitz"]
[Site "?"]
[Date "2014.12.13"]
[Round "?"]
[White "Wang, Yue"]
[Black "Bacrot, Etienne"]
[WhiteElo "2720"]
[BlackElo "2718"]
[Result "1-0"]

1. d4 Nf6 2. c4 g6 3. Nc3 Bg7 4. e4 d6 5. Nf3 O-O 6. h3 e5 7. d5 a5 8. g4 Na6 9. Be3 c6 10. Nd2 Bd7 11. Be2 cxd5 12. exd5 Kh8 13. h4 Kg8 14. h5 a4 15. g5 Ne8 16. Nde4 a3 17. bxa3 f5 18. gxf6 Nxf6 19. hxg6 hxg6 20. Bd3 Bf5 21. Qd2 Nh5 22. Rb1 Nf4 23. Rxb7 Rb8 24. Rxg7+ Kxg7 25. Bxf4 exf4 26. Qxf4 Bxe4 27. Qh6+ Kf7 28. Nxe4 Rh8 29. Ng5+ Kf6 30. Qxg6+ Ke5 31. Rxh8 Qa5+ 32. Kf1 Rxh8 33. Qe4+ Kf6 34. Qf4+ Ke7 35. Qf7+ Kd8 36. Qf6+ Kc7 37. Qxh8 Qxa3 38. Ne6+ Kb7 39. Qg7+ Kb6 40. Qd4+ Kb7 41. c5 Nb4 42. c6+ 

1-0

[Event "SportAccord Blitz"]
[Site "?"]
[Date "2014.12.13"]
[Round "?"]
[White "Wang, Yue"]
[Black "Wang, Hao"]
[WhiteElo "2720"]
[BlackElo "2710"]
[Result "1-0"]

1. d4 Nf6 2. c4 e6 3. g3 c5 4. d5 exd5 5. cxd5 d6 6. Nc3 g6 7. Bg2 Bg7 8. Nf3 O-O 9. O-O Re8 10. Re1 Na6 11. Bf4 Bg4 12. h3 Bxf3 13. Bxf3 Nc7 14. a4 Qe7 15. Nb5 Nxb5 16. axb5 Nd7 17. Qc2 Be5 18. Bd2 h5 19. h4 Kg7 20. Ra2 Bd4 21. e3 Bf6 22. Rea1 Ne5 23. Be2 b6 24. Bc3 Rec8 25. Ra4 Rc7 26. Qe4 Re8 27. f4 Ng4 28. Qxe7 Rcxe7 29. Bxg4 Bxc3 30. Bf3 Bxb2 31. R1a2 Rxe3 32. Kg2 Rb3 33. Bd1 Rxb5 34. Rxa7 Re1 35. Bf3 Bf6 36. Rd7 Be7 37. f5 Ra5 38. Rb2 b5 39. fxg6 fxg6 40. Be2 Kf8 41. Bxb5 Re5 42. Bd3 Kf7 43. Rf2+ Kg7 44. Rb7 Ra3 45. Be2 Ree3 46. Bf3 c4 47. Rc7 c3 48. Rc2 Kf7 49. Kf2 Rd3 50. Be4 Rd2+ 51. Kf3 Rxc2 52. Bxc2 Kf6 53. g4 hxg4+ 54. Kxg4 Bf8 55. Rc8 Bh6 56. Rc6 Ke5 57. Bxg6 Kxd5 58. Rc8 Kd4 59. h5 d5 60. Rc6 Bd2 61. Bc2 Ra2 62. Bf5 Ra1 63. h6 Rg1+ 64. Kf3 Rf1+ 65. Kg4 Rf4+ 66. Kg5 Rf1+ 67. Kg4 Bxh6 68. Rxh6 Ke3 69. Re6+ Kd4 70. Rc6 Rf2 71. Bh7 Rf7 72. Bc2 Rf2 73. Bh7 Rf8 74. Kg3 Rf1 75. Kg2 Rf8 76. Bc2 Rb8 77. Kf3 Rb2 78. Bg6 Rd2 79. Bf5 Rd1 80. Ke2 Rh1 81. Rc8 Rh2+ 82. Kd1 Rf2 83. Bh7 Rf7 84. Bg6 Rg7 85. Rc6 Ke5 86. Kc2 d4 87. Kd3 Ra7 88. Rc5+ Kf4 89. Kxd4 Ra4+ 90. Kxc3 Ke3 91. Bc2 Rh4 92. Re5+ Kf4 93. Re8 Kg3 94. Kd3 Rg4 95. Ke3 Rg7 96. Be4 Kg4 97. Rh8 Kg5 98. Rf8 Ra7 99. Rg8+ Kf6 100. Rg6+ Ke5 101. Rg5+ Kf6 102. Kf4 Ra4 103. Rg6+ Ke7 104. Rc6 Kd7 105. Rc5 Kd6 106. Rc6+ Kd7 107. Rh6 Ra5 108. Bd3 Kc7 109. Ke4 Ra4+ 110. Kd5 Ra5+ 111. Kd4 Kd7 112. Bc4 Kc7 113. Bd5 Ra1 114. Rc6+ Kd7 115. Rb6 Kc7 116. Rh6 Kd7 117. Ke5 Re1+ 118. Be4 Kc7 119. Rh2 Kb6 120. Rb2+ Kc5 121. Rc2+ Kb6 122. Kd4 Rd1+ 123. Bd3 Rg1 124. Rb2+ Kc7 125. Be4 Rd1+ 126. Ke5 Re1 127. Rb7+ Kc8 128. Rh7 Kb8 129. Kd5 Rd1+ 130. Kc5 Re1 131. Bc6 Kc8 132. Kd6 Kb8 133. Bd5 Rb1 134. Rh8+ 

1-0

[Event "SportAccord Blitz"]
[Site "?"]
[Date "2014.12.13"]
[Round "?"]
[White "Ponomariov, Ruslan"]
[Black "Wang, Yue"]
[WhiteElo "2714"]
[BlackElo "2720"]
[Result "0-1"]

1. e4 c5 2. Nf3 e6 3. g3 Nc6 4. Bg2 Nf6 5. d3 Be7 6. O-O O-O 7. Re1 d6 8. Nbd2 Bd7 9. c3 Ne5 10. Nxe5 dxe5 11. Nc4 Qc7 12. f4 exf4 13. Bxf4 Qd8 14. a4 Bc6 15. Ne5 Be8 16. a5 Rc8 17. Qb3 b5 18. axb6 axb6 19. Be3 b5 20. d4 cxd4 21. cxd4 Bd6 22. Nd3 Ng4 23. Bd2 Bc7 24. d5 Bd7 25. Bf3 exd5 26. exd5 Qf6 27. Rf1 Qd4+ 28. Kg2 Bf5 29. Bxg4 Bxd3 30. Rfd1 Bc4 31. Bf4 Qxf4 32. gxf4 Bxb3 33. Bxc8 Rxc8 34. Rd4 Bb6 35. Rd2 Kf8 36. d6 Rd8 37. Kg3 Bc5 38. Ra6 g6 39. Rc6 Bb4 40. Rd4 Bc4 41. Kf3 h5 42. h3 Be1 43. Rd1 Bh4 44. Rc7 Bf6 45. Rb7 Bxb2 46. d7 Ke7 47. Ke4 Bf6 48. f5 gxf5+ 49. Kxf5 Be6+ 50. Kf4 Rxd7 51. Rdxd7+ Bxd7 

0-1

[Event "SportAccord Blitz"]
[Site "?"]
[Date "2014.12.13"]
[Round "?"]
[White "Wang, Yue"]
[Black "Ivanchuk, Vassily"]
[WhiteElo "2720"]
[BlackElo "2704"]
[Result "0-1"]

1. d4 Nf6 2. c4 e6 3. g3 c5 4. Nf3 cxd4 5. Nxd4 Qc7 6. Bg2 Qxc4 7. O-O Nc6 8. Nc2 Be7 9. Nc3 O-O 10. Bf4 d5 11. Rc1 Rd8 12. Na3 Qb4 13. Nab5 e5 14. Bg5 d4 15. a3 Qxb2 16. Bxf6 dxc3 17. Qa4 Bxf6 18. Rc2 e4 19. Rxb2 cxb2 20. Bxe4 Bh3 21. Rb1 Rac8 22. f3 a6 23. Bxc6 Rxc6 

0-1

[Event "SportAccord Blitz"]
[Site "?"]
[Date "2014.12.13"]
[Round "?"]
[White "Nepomniachtchi, Ian"]
[Black "Wang, Yue"]
[WhiteElo "2714"]
[BlackElo "2720"]
[Result "1/2-1/2"]

1. e4 c5 2. Nf3 e6 3. d4 cxd4 4. Nxd4 Nc6 5. Nc3 Qc7 6. Be3 a6 7. Qf3 Nf6 8. O-O-O Ne5 9. Qg3 b5 10. f4 Neg4 11. Bg1 h5 12. e5 b4 13. Na4 Nd5 14. Nb3 Bb7 15. Nac5 Rc8 16. Bd3 a5 17. Kb1 Bc6 18. Na6 Qd8 19. Nd4 a4 20. f5 Qa5 21. fxe6 dxe6 22. h3 Nxe5 23. Nxc6 Rxc6 24. Be4 Rxa6 25. Bxd5 Bd6 26. Qxg7 Rf8 27. Bb7 b3 28. Bd4 bxc2+ 29. Kxc2 Qc7+ 30. Kb1 Qxb7 31. Rhe1 Nc4 32. Rxe6+ Kd7 33. Rxd6+ Rxd6 34. Qxf8 Qe4+ 35. Ka1 Rxd4 36. Qxf7+ Kc6 37. Qf6+ Rd6 38. Rxd6+ Nxd6 39. Qf1 Nc4 40. a3 Qd4 41. Qc1 Kb6 42. g4 hxg4 43. hxg4 Qxg4 44. Qc3 Na5 45. Qe3+ Kb5 46. Qe5+ Kb6 47. Qe3+ Kb7 48. Qe7+ Kc6 49. Qe8+ Qd7 50. Qe4+ Kb6 51. Qe3+ Kb7 52. Qe4+ Qc6 53. Qe7+ Kb6 54. Qe3+ Qc5 55. Qe6+ Kb5 56. Qe8+ Qc6 57. Qe2+ Qc4 58. Qe5+ Ka6 59. Qf6+ Nc6 60. Qd6 Kb5 61. Qd1 Nd4 62. Qh5+ Qc5 63. Qd1 Nb3+ 64. Ka2 Qc4 65. Qd7+ Qc6 66. Qd3+ Ka5 67. Qf5+ Nc5 68. Ka1 Qd6 69. Qh5 Qd4 70. Qf5 Kb5 71. Qf1+ Qc4 72. Qh1 Nb3+ 73. Ka2 Nd4+ 74. Ka1 Qc6 75. Qf1+ Kc5 76. Qc1+ Kd5 77. Qh1+ Kc4 78. Qf1+ Kc5 79. Qc1+ Kb5 80. Qf1+ Qc4 81. Qh1 Nb3+ 82. Ka2 Nc5+ 83. Ka1 Qd3 84. Ka2 Ne4 85. Ka1 Kc4 86. Qe1 Nc5 87. Qb4+ Kd5 88. Qe1 Qe4 89. Qd1+ Ke5 90. Qg1 Nb3+ 91. Ka2 Nd4 92. Qg7+ Kf4 93. Qh6+ Kf3 94. Qh3+ Ke2 95. Qh2+ Kd3 96. Qh3+ Qf3 97. Qh7+ Kd2 98. Qh6+ Qe3 99. Qd6 Qb3+ 100. Kb1 Qd3+ 101. Ka2 Qc4+ 102. Kb1 Qd3+ 103. Ka2 Kc1 104. Qf4+ Qd2 105. Qf1+ Qd1 106. Qc4+ Nc2 107. Qf4+ Qd2 108. Qxd2+ Kxd2 109. b3 

1/2-1/2

[Event "SportAccord Blitz"]
[Site "?"]
[Date "2014.12.15"]
[Round "?"]
[White "Wang, Yue"]
[Black "Harikrishna, P"]
[WhiteElo "2720"]
[BlackElo "2727"]
[Result "1-0"]

1. Nf3 Nf6 2. g3 d5 3. Bg2 c6 4. c4 g6 5. cxd5 cxd5 6. d4 Bg7 7. Ne5 O-O 8. Nc3 Nc6 9. O-O Nxe5 10. dxe5 Nd7 11. Nxd5 Nxe5 12. Bg5 Nc6 13. Rc1 Be6 14. Qd2 f6 15. Bf4 Rc8 16. Rfd1 Bf7 17. Be3 e6 18. Nc3 Qxd2 19. Rxd2 Ne5 20. Bxa7 b5 21. Rdc2 Bh6 22. f4 b4 23. Ne4 Rxc2 24. Rxc2 Nd7 25. Rc7 f5 26. Rxd7 fxe4 27. Bxe4 Bg7 28. Bd4 e5 29. Bxe5 Bxe5 30. fxe5 Bxa2 31. Bd5+ Bxd5 32. Rxd5 Rc8 33. Rb5 Rc2 34. Rxb4 Rxe2 35. Rb5 Kf7 36. b4 Ke6 37. h4 Rb2 38. Kf1 h5 39. Ke1 Kf5 40. Kd1 Rg2 41. e6+ Kxe6 42. Rg5 Rb2 43. b5 Kf6 44. Kc1 Re2 45. b6 Re7 46. Rb5 Rb7 47. Kd2 Ke6 48. Ke3 Kd6 49. Kf4 Kc6 50. Rb3 Rf7+ 51. Kg5 Kb7 52. Kxg6 Rf8 53. Kxh5 Rg8 54. g4 Rh8+ 55. Kg5 Rg8+ 56. Kf5 Rf8+ 57. Ke6 Rf4 58. g5 

1-0

[Event "SportAccord Blitz"]
[Site "?"]
[Date "2014.12.13"]
[Round "?"]
[White "Vachier-Lagrave, Maxime"]
[Black "Wang, Yue"]
[WhiteElo "2758"]
[BlackElo "2720"]
[Result "1/2-1/2"]

1. e4 e5 2. Nf3 Nf6 3. Nxe5 d6 4. Nf3 Nxe4 5. Nc3 Nxc3 6. dxc3 Nc6 7. Be3 Be7 8. Qd2 Be6 9. h4 h6 10. O-O-O Qd7 11. b3 Bf6 12. Nd4 a6 13. Nxe6 fxe6 14. g3 O-O-O 15. Bh3 Kb8 16. Rhe1 Rde8 17. Kb1 g5 18. hxg5 hxg5 19. Bg2 Qg7 20. Bxc6 bxc6 21. Qd3 Kb7 22. c4 g4 23. c5 d5 24. c4 Qh7 25. Kc2 Qxd3+ 26. Rxd3 Rh5 27. b4 dxc4 28. Rd7 Rf5 29. Rh1 a5 30. Rhh7 Be5 31. bxa5 Ra8 32. Bf4 Bxf4 33. gxf4 Rc8 34. Rhg7 Rxf4 35. Kc3 Rxf2 36. Rxg4 Rxa2 37. Rxc4 Rxa5 38. Re7 Rh8 39. Rxe6 Rh3+ 40. Kb2 Ka6 41. Rc3 Rb5+ 42. Kc2 Rxc3+ 43. Kxc3 Rxc5+ 44. Kb4 Kb6 45. Re8 Rh5 46. Rb8+ Ka7 47. Rg8 Kb7 48. Kc4 Rh1 49. Kc5 Rc1+ 50. Kb4 Rb1+ 51. Kc5 Rb5+ 52. Kc4 Rd5 53. Rh8 Rd1 54. Kc5 Rc1+ 55. Kb4 c5+ 56. Kb5 Rc3 57. Rh6 c6+ 58. Rxc6 Rb3+ 59. Kc4 Kxc6 60. Kxb3 

1/2-1/2

[Event "SportAccord Blitz"]
[Site "?"]
[Date "2014.12.13"]
[Round "?"]
[White "Wang, Yue"]
[Black "Wojtaszek, Radoslaw"]
[WhiteElo "2720"]
[BlackElo "2744"]
[Result "1-0"]

1. Nf3 Nf6 2. c4 e6 3. g3 d5 4. Bg2 dxc4 5. Qa4+ Nbd7 6. Qxc4 a6 7. Qb3 b5 8. Ne5 Nxe5 9. Bxa8 c6 10. f4 Bd7 11. fxe5 Nd5 12. Nc3 Qxa8 13. Nxd5 exd5 14. d4 c5 15. O-O c4 16. Qf3 Be6 17. b3 Qa7 18. Rd1 Be7 19. bxc4 bxc4 20. Ba3 O-O 21. Rab1 Rc8 22. Bxe7 Qxe7 23. Rb6 c3 24. Rc1 Qa3 25. Rc2 Qa4 26. Qd3 g6 27. Rxc3 Rxc3 28. Qxc3 Qd1+ 29. Kf2 Bg4 30. Qe3 Qh1 31. Qh6 

1-0

[Event "SportAccord Blitz"]
[Site "?"]
[Date "2014.12.13"]
[Round "?"]
[White "Leko, Peter"]
[Black "Wang, Yue"]
[WhiteElo "2723"]
[BlackElo "2720"]
[Result "1/2-1/2"]

1. e4 e5 2. Nf3 Nf6 3. Nxe5 d6 4. Nf3 Nxe4 5. Nc3 Nxc3 6. dxc3 Nc6 7. Be3 Be7 8. Qd2 Be6 9. O-O-O Qd7 10. h4 h6 11. b3 Bf6 12. Nd4 Bxd4 13. Bxd4 f6 14. Be3 O-O-O 15. c4 Rhe8 16. Kb2 Kb8 17. Qc3 h5 18. f3 Bf5 19. c5 Qe7 20. Bf2 dxc5 21. Bxc5 Qe5 22. Bb5 Qxc3+ 23. Kxc3 a6 24. Rxd8+ Rxd8 25. Be2 b6 26. Bf2 a5 27. a3 Ne7 28. Rd1 Rxd1 29. Bxd1 Kc8 30. Be2 Kd7 31. Kd2 Nd5 32. c4 Nf4 33. Bf1 c5 34. Kc3 Ne6 35. b4 axb4+ 36. axb4 Kd6 37. Bg3+ Kd7 38. Be2 g5 39. Bf2 Nf4 40. Bf1 Kd6 41. bxc5+ bxc5 42. Be3 Ne6 43. Bf2 Nf4 44. Be3 Ne6 45. Bf2 Nf4 

1/2-1/2

[Event "SportAccord Blitz"]
[Site "?"]
[Date "2014.12.13"]
[Round "?"]
[White "Wang, Yue"]
[Black "Aronian, Levon"]
[WhiteElo "2720"]
[BlackElo "2797"]
[Result "1-0"]

1. d4 Nf6 2. c4 g6 3. Nc3 d5 4. Nf3 Bg7 5. Bg5 Ne4 6. Bf4 Nxc3 7. bxc3 dxc4 8. Qa4+ Nd7 9. e3 O-O 10. Qxc4 c5 11. Be2 Qa5 12. O-O Nb6 13. Qb5 Qxb5 14. Bxb5 Nd5 15. dxc5 Nxc3 16. Bc4 Be6 17. Bxe6 Ne2+ 18. Kh1 Bxa1 19. Bd5 Nxf4 20. exf4 Bc3 21. Bxb7 Rad8 22. g3 Ba5 23. Kg2 Bc7 24. Re1 e6 25. Re3 Rd1 26. Ne5 Rb8 27. c6 Rd2 28. Ra3 a5 29. Nc4 Rc2 30. Ne3 Rc5 31. Kf3 Kf8 32. Rb3 Ke7 33. a4 f5 34. Ke2 Rd8 35. h4 Rd4 36. Rd3 Rxd3 37. Kxd3 Rc1 38. Nc2 Rb1 39. Bc8 Kd6 40. Bd7 Kd5 41. Ne3+ Kc5 42. Bxe6 Kxc6 43. Bg8 h6 44. Bf7 Kc5 45. Bxg6 Kb4 46. Nd5+ Kxa4 47. Nxc7 Kb3 48. Bxf5 Rd1+ 49. Ke2 Rd6 50. Be6+ Kb2 51. f5 Rc6 52. Nb5 a4 53. Nd4 Rd6 54. Ke3 a3 55. f6 Rxe6+ 56. Nxe6 a2 57. f7 a1=Q 58. f8=Q Qe1+ 59. Kf3 Qxe6 60. Qb4+ Kc1 61. Qc3+ Kd1 62. Qd3+ 

1-0

[Event "SportAccord Blitz"]
[Site "?"]
[Date "2014.12.13"]
[Round "?"]
[White "Wang, Yue"]
[Black "Grischuk, Alexander"]
[WhiteElo "2720"]
[BlackElo "2810"]
[Result "0-1"]

1. d4 Nf6 2. c4 g6 3. Nc3 d5 4. Bg5 Bg7 5. Nf3 Ne4 6. Bf4 O-O 7. cxd5 Nxc3 8. bxc3 Qxd5 9. e3 Qa5 10. Qd2 Nd7 11. Bd3 e5 12. Bg3 Re8 13. e4 b6 14. Rd1 Ba6 15. O-O exd4 16. cxd4 Qxd2 17. Rxd2 Bxd3 18. Rxd3 Rxe4 19. Bxc7 Rc8 20. Bg3 Re2 21. a3 Bf8 22. d5 Bc5 23. Re1 Rce8 24. Kf1 Rxe1+ 25. Nxe1 Re4 26. Nf3 f6 27. Nd2 Ra4 28. Nb1 Kf7 29. Ke2 f5 30. Bc7 Nf6 31. f3 Ke7 32. Be5 Nd7 33. Bb2 Rc4 34. Nd2 Ra4 35. Nb1 a6 36. Nc3 Rc4 37. h3 b5 38. Rd1 Kd6 39. g4 Ne5 40. gxf5 gxf5 41. Nb1 Rc2+ 42. Rd2 Rxd2+ 43. Nxd2 Kxd5 44. Nb3 Bd6 45. Bxe5 Kxe5 46. Ke3 Bxa3 

0-1

[Event "SportAccord Blitz"]
[Site "?"]
[Date "2014.12.13"]
[Round "?"]
[White "Dominguez Perez, Leinier"]
[Black "Wang, Yue"]
[WhiteElo "2726"]
[BlackElo "2720"]
[Result "1-0"]

1. e4 e5 2. Nf3 Nf6 3. Nxe5 d6 4. Nf3 Nxe4 5. Nc3 Nxc3 6. dxc3 Nc6 7. Be3 Be7 8. Qd2 Be6 9. O-O-O Qd7 10. h4 h6 11. a3 Bf6 12. Nd4 Bxd4 13. Bxd4 f6 14. c4 O-O-O 15. Bc3 Rhe8 16. f3 Qf7 17. b3 d5 18. cxd5 Rxd5 19. Bd3 Ne5 20. Bxe5 Rxe5 21. Rhe1 Bd7 22. Rxe5 Rxe5 23. Be4 Qe7 24. Kb2 c6 25. Qd4 f5 26. Bd3 Qc5 27. Qxc5 Rxc5 28. Re1 Kd8 29. c4 f4 30. Bg6 b5 31. Kc3 bxc4 32. bxc4 Kc7 33. Re7 Kd6 34. Rxg7 Re5 35. Be4 Rh5 36. Rf7 Rxh4 37. c5+ Ke6 38. Rg7 Rh5 39. Rg6+ Kf7 40. Kd4 Be6 41. g4 fxg3 42. Rxg3 Rh4 43. Ke5 h5 44. Rg5 Rh1 45. Bg6+ Ke7 46. Rxh5 Re1+ 47. Be4 Bd5 48. Rh7+ Ke8 49. Rxa7 Re2 50. a4 Kd8 51. Kd6 Kc8 52. Bxd5 cxd5 53. c6 Kb8 54. Rh7 d4 55. Rh8+ Ka7 56. c7 

1-0

[Event "SportAccord Blitz"]
[Site "?"]
[Date "2014.12.13"]
[Round "?"]
[White "Bacrot, Etienne"]
[Black "Wang, Yue"]
[WhiteElo "2718"]
[BlackElo "2720"]
[Result "1-0"]

1. d4 Nf6 2. c4 e6 3. Nf3 d5 4. Nc3 c5 5. cxd5 Nxd5 6. g3 cxd4 7. Nxd5 Qxd5 8. Qxd4 Qxd4 9. Nxd4 Bc5 10. Be3 Na6 11. Rc1 e5 12. Nb5 Bxe3 13. fxe3 Ke7 14. Bg2 Rd8 15. Kf2 Bd7 16. Nc7 Rac8 17. Nd5+ Ke8 18. Rhd1 Be6 19. Nc3 Rxd1 20. Rxd1 Nc5 21. b4 Nd7 22. Nb5 Ke7 23. Bxb7 Rc2 24. a4 Bc4 25. Na3 Rxe2+ 26. Kf3 e4+ 27. Bxe4 Ne5+ 28. Kf4 f6 29. Bxh7 Bb3 30. Rd4 Rxh2 31. Bb1 Bf7 32. b5 g5+ 33. Ke4 Bg6+ 34. Kd5 Bf7+ 35. Kc5 Re2 36. Re4 Be6 37. a5 Kd7 38. b6 axb6+ 39. axb6 Kc8 40. Kd6 Bf5 41. Rxe5 fxe5 42. Bxf5+ Kb7 43. Nc4 

1-0

[Event "Bazna , Chinese vs"]
[Site "?"]
[Date "2014.11.22"]
[Round "?"]
[White "Wang, Yue"]
[Black "Lupulescu, Constantin"]
[WhiteElo "2711"]
[BlackElo "2643"]
[Result "1-0"]

1. Nf3 d5 2. g3 Bg4 3. Bg2 e6 4. c4 c6 5. O-O Nf6 6. d3 Be7 7. Qb3 Qc8 8. Nc3 O-O 9. Bf4 Nbd7 10. cxd5 cxd5 11. Rfc1 Nc5 12. Qd1 Qd8 13. Rc2 Qb6 14. Rac1 Bh5 15. h3 Nfd7 16. Qd2 h6 17. d4 Na6 18. Na4 Qb5 19. Nc3 Qb6 20. Na4 Qb5 21. b3 Bg6 22. Nc3 Qb6 23. Na4 Qd8 24. Rc3 Bb4 25. Ne5 Nxe5 26. Bxe5 Qd7 27. Nc5 Nxc5 28. dxc5 f6 29. Bd6 Rfc8 30. h4 Bf7 31. e4 Bxc3 32. Rxc3 d4 33. Qxd4 e5 34. Qe3 b6 35. Kh2 bxc5 36. Bxc5 Be6 37. a3 a6 38. b4 Rd8 39. h5 Qd2 40. Bf3 Qxe3 41. Bxe3 Rdc8 42. b5 a5 43. Be2 a4 44. Bc5 Rab8 45. b6 Bd7 46. Kg2 Kh8 47. Ba6 Rd8 48. b7 Bc6 49. Bb6 Bxb7 50. Bxb7 Rg8 51. Rc7 Rge8 52. Bc5 Red8 53. Bd5 Rb2 54. Ra7 Rc2 55. Be3 Rb8 56. Rxa4 

1-0

[Event "Bazna , Chinese vs"]
[Site "?"]
[Date "2014.11.22"]
[Round "?"]
[White "Nevednichy, Vladislav"]
[Black "Wang, Yue"]
[WhiteElo "2563"]
[BlackElo "2711"]
[Result "1-0"]

1. e4 c5 2. Nf3 e6 3. d3 Nc6 4. g3 g6 5. Bg2 Bg7 6. O-O Nge7 7. c3 e5 8. a3 a5 9. a4 O-O 10. Na3 d6 11. Be3 h6 12. Qc1 Kh7 13. Nb5 b6 14. Nd2 d5 15. exd5 Nxd5 16. Nc4 Be6 17. Qd2 Nce7 18. Rae1 Rb8 19. Qc2 Nxe3 20. Rxe3 f6 21. f4 Bxc4 22. dxc4 exf4 23. Rxf4 f5 24. Rf1 Ng8 25. Re6 Qg5 26. Nc7 Rf7 27. Nd5 Ne7 28. h4 Qxg3 29. Nxe7 Re8 30. Nxf5 gxf5 31. Rxe8 Be5 32. Rxe5 Qxe5 33. Qd2 Rg7 34. Qf4 Qxf4 35. Rxf4 Rd7 36. Bd5 Kg6 37. Kf2 Kf6 38. Rf3 Ke5 39. Re3+ Kf4 40. Re6 

1-0

[Event "Bazna , Chinese vs"]
[Site "?"]
[Date "2014.11.22"]
[Round "?"]
[White "Wang, Yue"]
[Black "Lu, Shanglei"]
[WhiteElo "2711"]
[BlackElo "2566"]
[Result "0-1"]

1. Nf3 g6 2. e4 c5 3. c3 Bg7 4. d4 cxd4 5. cxd4 d5 6. exd5 Nf6 7. Bb5+ Nbd7 8. d6 exd6 9. Qe2+ Qe7 10. Qxe7+ Kxe7 11. O-O Rd8 12. Re1+ Kf8 13. Nc3 a6 14. Bf1 b5 15. a4 b4 16. Nb1 a5 17. Nbd2 Nb6 18. Nc4 Nxc4 19. Bxc4 Ba6 20. Nd2 Rdc8 21. b3 Bb7 22. Bb2 Bh6 23. Rad1 Bxd2 24. Rxd2 Bd5 25. Rc2 Ra7 26. f3 Rac7 27. Rec1 Bxc4 28. bxc4 Nd7 29. Ba1 Nb6 30. c5 dxc5 31. dxc5 Nxa4 32. Be5 Rc6 33. h4 b3 34. Rc4 Nxc5 35. Bd4 Ne6 36. Rxc6 Rxc6 37. Rxc6 Nxd4 38. Ra6 Ne2+ 39. Kf2 Nc3 40. Rb6 b2 

0-1